书目信息 |
| 题名: |
陆战兵器传奇
|
|
| 作者: | 吴浩琦 编著 | |
| 分册: | ||
| 出版信息: | 太原 山西教育出版社 2015 |
|
| 页数: | 250页 | |
| 开本: | 21cm | |
| 丛书名: | ||
| 单 册: | ||
| 中图分类: | E922-49 | |
| 科图分类: | ||
| 主题词: | 步兵武器--通俗读物 | |
| 电子资源: | ||
| ISBN: | 978-7-5440-7557-2 | |
| 000 | 00810nam0 2200241 450 | |
| 001 | 3294 | |
| 005 | 20180527144304.87 | |
| 010 | @a978-7-5440-7557-2@dCNY16.00 | |
| 100 | @a20150712d2015 em y0chiy50 ea | |
| 101 | 0 | @achi |
| 102 | @aCN@b140000 | |
| 105 | @aa z 000yy | |
| 200 | 1 | @a陆战兵器传奇@9lu zhan bing qi chuan qi@dThe legend of arms for land warfare@zeng@f吴浩琦[等]编著 |
| 210 | @a太原@c山西教育出版社@d2015 | |
| 215 | @a250页@c图,照片@d21cm | |
| 304 | @a编著者还有:吴扬新、李宏、张国力 | |
| 330 | @a本书以陆战主要兵器为主线,介绍了陆战兵器的功能和战场使用情况以及精彩故事。 | |
| 510 | 1 | @aLegend of arms for land warfare@zeng |
| 606 | 0 | @a步兵武器@j通俗读物 |
| 690 | @aE922-49@v5 | |
| 701 | 0 | @a吴浩琦@9wu hao qi@4编著 |
| 801 | 0 | @aCN@b91MARC@c20150712 |
| 905 | @aMuseLib@dE922-49@e48 | |
| 陆战兵器传奇=The legend of arms for land warfare/吴浩琦[等]编著.-太原:山西教育出版社,2015 |
| 250页:图,照片;21cm |
| ISBN 978-7-5440-7557-2:CNY16.00 |
| 本书以陆战主要兵器为主线,介绍了陆战兵器的功能和战场使用情况以及精彩故事。 |
| ● |
| 相关链接 |
|
|
|
|
正题名:陆战兵器传奇
索取号:E922-49/48
 
预约/预借
| 序号 | 登录号 | 条形码 | 馆藏地/架位号 | 状态 | 备注 |
| 1 | 1108624 | 211086242 | 第一样本阅览室/ [索取号:E922-49/48] | 在馆 | |
| 2 | 1108625 | 211086251 | 教育系资料室/ [索取号:E922-49/48] | 在馆 | |
| 3 | 1108626 | 211086260 | 教育系资料室/ [索取号:E922-49/48] | 在馆 | |
| 4 | 1108627 | 211086279 | 第一借阅区/ [索取号:E922-49/48] | 在馆 |